000 00936nam0a22002531 4500
001 rc\2577982
005 20260406144645.0
035 _a(NLR Aleph) 006742569
090 _a5660052
_c5660052
100 _a20110914d1928 |||y0rusy50 ca
101 0 _arus
102 _aRU
105 _aa z |||a|
200 1 _aМиша и Ваня
_e(Рассказ из времен крепостного права)
_fМ. Е. Салтыков-Щедрин
210 _a[Москва]
_cГос. изд-во
_d[1928]
_g1-я Образцовая тип.
215 _a[16] с.
_cил. в 2 краски
_d15х11 см.
300 _aОтпечатано синей краской
700 1 _8rus
_7ca
_aСалтыков-Щедрин
_bМ. Е.
_f1826-1889
_gМихаил Евграфович
_3RU\NLR\AUTH\774332
_9114313
801 0 _aRU
_bNLR
_gpsbo
801 1 _aRU
_bELAR
_2rusmarc
852 _aNLR
_j41/3877
942 _cBOOK
980 _aNB